000 00459nam a22001697a 4500
003 OSt
005 20251121133112.0
008 251121b |||||||| |||| 00| 0 eng d
020 _a978-0-14-240251-1
040 _aDWC-Main Lib.
_cOC
082 _aFic. G795L 2005
100 _aLooking for Alaska :
245 _aLooking for Alaska :
_ba novel/
260 _aNew York :
_bSpeak,
_cc2005.
300 _a221 pages ;
_c21 cm.
942 _2ddc
_cFIC.
_hFic.
_n0
999 _c5994
_d5994